[Event "SK Ochtrup 1 - Südlohner SV 2"]
[Site "Verbandsklasse 2015/2016"]
[Date "2015.11.28"]
[Round "3.5"]
[White "Schmeing, Manfred"]
[Black "Kaiser, Günter"]
[Result "1-0"]
[WhiteElo "1746"]
[BlackElo "1631"]
[PlyCount "65"]
[EventDate "2015.??.??"]
[SourceDate "2015.10.31"]

1. e4 c5 2. Nc3 Nc6 3. g3 g6 4. Bg2 Bg7 5. d3 d6 6. f4 e6 7. Nf3 Nge7 8. O-O
O-O 9. h3 Rb8 10. g4 b5 11. Ne2 Qc7 12. c3 b4 13. d4 bxc3 14. bxc3 cxd4 15.
cxd4 Ba6 16. Be3 Nb4 17. Rc1 Qd7 18. a3 Nd3 19. Rc2 Nb2 20. Qd2 Nc4 21. Qc1
Nxe3 22. Qxe3 Rfc8 23. Rfc1 Rxc2 24. Rxc2 Rc8 25. Rxc8+ Qxc8 26. Ng3 Qc2 27. h4
Qd1+ 28. Kh2 Nc6 29. e5 dxe5 30. fxe5 Ne7 31. Qg5 Nc6 32. Qf4 Ne7 33. Ng5 1-0

[Event "SK Ochtrup 1 - Südlohner SV 2"]
[Site "Verbandsklasse 2015/2016"]
[Date "2015.11.28"]
[Round "3.6"]
[White "Brägelmann, Tobias"]
[Black "van de Laar, Han"]
[Result "0-1"]
[WhiteElo "1526"]
[BlackElo "1651"]
[PlyCount "60"]
[EventDate "2015.??.??"]
[SourceDate "2015.10.31"]

1. d4 Nf6 2. c4 e6 3. Nc3 d5 4. Nf3 h6 5. a3 c5 6. e3 Nc6 7. Bd3 dxc4 8. Bxc4
Be7 9. d5 exd5 10. Nxd5 O-O 11. Nxe7+ Qxe7 12. h3 Bf5 13. O-O Rad8 14. Qe2 Na5
15. Ba2 Bd3 16. Qe1 Nc6 17. Bd2 Rd7 18. Qc1 Bxf1 19. Kxf1 Rfd8 20. Qc2 Ne5 21.
Bc3 Nxf3 22. gxf3 Nd5 23. Bd2 Qh4 24. Ke2 Qe7 25. Kf1 b6 26. Re1 Qh4 27. Ke2
Qxh3 28. Rf1 Nf4+ 29. exf4 Rxd2+ 30. Qxd2 Rxd2+ 0-1

[Event "SK Ochtrup 1 - Südlohner SV 2"]
[Site "Verbandsklasse 2015/2016"]
[Date "2015.11.28"]
[Round "3.7"]
[White "Schuurmans, Han"]
[Black "Leseberg, Detlef"]
[Result "1-0"]
[WhiteElo "1588"]
[BlackElo "1240"]
[PlyCount "45"]
[EventDate "2015.??.??"]
[SourceDate "2015.10.31"]

1. e4 c5 2. Nf3 Nc6 3. d4 cxd4 4. Nxd4 g6 5. Be3 Bg7 6. Nc3 e6 7. Ndb5 Nge7 8.
Nd6+ Kf8 9. f4 a6 10. Na4 Qa5+ 11. c3 Qc7 12. Nb6 Rb8 13. Ndxc8 Rxc8 14. Nxc8
Qxc8 15. Bd3 Qc7 16. O-O d6 17. f5 exf5 18. exf5 Nd5 19. Bg5 f6 20. fxg6 hxg6
21. Bc4 Qb6+ 22. Kh1 Ne3 23. Qxd6+ 1-0

[Event "SK Ochtrup 1 - Südlohner SV 2"]
[Site "Verbandsklasse 2015/2016"]
[Date "2015.11.28"]
[Round "3.8"]
[White "Holtmannspötter, Theo"]
[Black "Höing, Johannes"]
[Result "0-1"]
[WhiteElo "1240"]
[BlackElo "1793"]
[PlyCount "59"]
[EventDate "2015.??.??"]
[SourceDate "2015.10.31"]

1. d4 Nf6 2. c4 c5 3. d5 b5 4. e3 g6 5. Qc2 bxc4 6. Bxc4 Bg7 7. Ne2 O-O 8. O-O
d6 9. Ng3 Nbd7 10. f4 Nb6 11. e4 Nxc4 12. Qxc4 Qb6 13. Qc2 Ba6 14. Rf3 Rab8 15.
Kh1 h5 16. Rb3 Qc7 17. Nd2 h4 18. Ngf1 Ng4 19. Nc4 Bd4 20. Rf3 Bxc4 21. Qxc4
Nf2+ 22. Rxf2 Bxf2 23. Qe2 Bd4 24. Ne3 h3 25. gxh3 Qd7 26. Qg2 Kh7 27. Rb1 Qb5
28. b3 Qd3 29. Nc2 Qd1+ 30. Ne1 0-1

[Event "Schach Nienberge 2 - Indische Dame Müns"]
[Site "Verbandsklasse 2015/2016"]
[Date "2015.11.28"]
[Round "3.1"]
[White "Stevermüer, Rüdiger"]
[Black "Melkert, Tim"]
[Result "1/2-1/2"]
[WhiteElo "1959"]
[BlackElo "1899"]
[PlyCount "89"]
[EventDate "2015.??.??"]
[SourceDate "2015.10.31"]

1. e4 e6 2. d3 d5 3. Nd2 Nf6 4. c3 b6 5. Be2 c5 6. Ngf3 Nc6 7. O-O Qc7 8. Qc2
Bd6 9. Re1 O-O 10. Nf1 Bb7 11. Bg5 dxe4 12. dxe4 Ng4 13. Bh4 Nce5 14. N3d2 Ng6
15. Bg3 Bxg3 16. Nxg3 Nf6 17. Bf1 h5 18. f3 h4 19. Nh1 Rfd8 20. Nb3 Qf4 21. Qc1
Qe5 22. Qe3 a5 23. Nf2 Rd7 24. Bb5 Rdd8 25. Nd3 Qh5 26. Nf4 Nxf4 27. Qxf4 h3
28. g3 a4 29. Nd2 e5 30. Qe3 Rxd2 31. Qxd2 Qxf3 32. Qe2 Qxe4 33. Qxe4 Nxe4 34.
Bd7 Ng5 35. Bg4 Re8 36. Kf2 g6 37. Re3 f5 38. Be2 Kf7 39. Bb5 Ne4+ 40. Rxe4
Bxe4 41. Bxe8+ Kxe8 42. Re1 Ke7 43. c4 Ke6 44. Rd1 Ke7 45. Re1 1/2-1/2

[Event "Schach Nienberge 2 - Indische Dame Müns"]
[Site "Verbandsklasse 2015/2016"]
[Date "2015.11.28"]
[Round "3.2"]
[White "Kluczka, Konrad"]
[Black "Knispel-Roth, Martin"]
[Result "1/2-1/2"]
[WhiteElo "1807"]
[BlackElo "1897"]
[PlyCount "45"]
[EventDate "2015.??.??"]
[SourceDate "2015.10.31"]

1. e4 e6 2. d4 d5 3. Nc3 Bb4 4. e5 c5 5. a3 Bxc3+ 6. bxc3 Ne7 7. f4 Qc7 8. Nf3
b6 9. Bd3 Ba6 10. Bxa6 Nxa6 11. Qd3 Nb8 12. Be3 Nd7 13. O-O Rc8 14. Rf2 h5 15.
Nh4 g6 16. a4 cxd4 17. cxd4 Qc4 18. Qxc4 Rxc4 19. Ra3 O-O 20. c3 Nf5 21. Nxf5
exf5 22. Rb2 a6 23. Kf2 1/2-1/2

[Event "Schach Nienberge 2 - Indische Dame Müns"]
[Site "Verbandsklasse 2015/2016"]
[Date "2015.11.28"]
[Round "3.3"]
[White "ter Veen, Michael"]
[Black "Schipke, Thorsten"]
[Result "0-1"]
[WhiteElo "1755"]
[BlackElo "1793"]
[PlyCount "78"]
[EventDate "2015.??.??"]
[SourceDate "2015.10.31"]

1. c4 e5 2. Nc3 Nc6 3. g3 f5 4. Bg2 Nf6 5. e3 Bb4 6. Nge2 Bxc3 7. Nxc3 O-O 8.
O-O d6 9. d4 e4 10. a3 Qe8 11. b4 Qf7 12. Qe2 Ne7 13. Bb2 c6 14. f3 Be6 15. d5
cxd5 16. Rad1 Rad8 17. Nb5 a6 18. Nc7 dxc4 19. Nxe6 Qxe6 20. Qc2 exf3 21. Rxf3
b5 22. Bd4 Ng4 23. Qc3 Ne5 24. Rff1 g6 25. Bb7 Nd5 26. Bxd5 Qxd5 27. Bb6 Qc6
28. Bxd8 Rxd8 29. Rf4 Nf3+ 30. Kf2 Ng5 31. Qf6 Nh3+ 32. Ke1 Re8 33. Qd4 Nxf4
34. Qxf4 Qh1+ 35. Kd2 c3+ 36. Ke2 Qxh2+ 37. Kd3 Qg2 38. Qxd6 c2 39. Rd2 Qe4+
0-1

[Event "Schach Nienberge 2 - Indische Dame Müns"]
[Site "Verbandsklasse 2015/2016"]
[Date "2015.11.28"]
[Round "3.4"]
[White "Van de Vyle, Jan"]
[Black "Glotzbach, Thomas"]
[Result "0-1"]
[WhiteElo "1756"]
[BlackElo "1718"]
[PlyCount "98"]
[EventDate "2015.??.??"]
[SourceDate "2015.10.31"]

1. e4 e6 2. b3 d5 3. Bb2 dxe4 4. Nc3 f5 5. f3 exf3 6. Nxf3 Nc6 7. Bb5 Bd7 8.
Qe2 Nf6 9. O-O-O Bd6 10. d4 Qe7 11. Kb1 O-O-O 12. Rhe1 Rde8 13. Qf2 Ng4 14. Qg1
Qf8 15. h3 Nf6 16. Qf1 Bb4 17. Bxc6 Bxc6 18. Ne5 Be4 19. Re2 Qe7 20. Nb5 Kb8
21. a3 Bd6 22. Nc3 Bxa3 23. Rxe4 Nxe4 24. Nxe4 fxe4 25. Qb5 Ka8 26. Bc3 Bd6 27.
Nc4 a6 28. Qa4 Rd8 29. b4 Qe8 30. Qb3 Qb5 31. Kb2 Qd5 32. Ra1 Kb8 33. Ra5 b5
34. Ne3 Qxb3+ 35. Kxb3 Kb7 36. d5 e5 37. Ra1 Rhf8 38. Be1 Rd7 39. Bg3 Rdf7 40.
Re1 h5 41. c4 bxc4+ 42. Kxc4 g5 43. Ra1 Rb8 44. Be1 Rg8 45. b5 Ra8 46. bxa6+
Rxa6 47. Rb1+ Rb6 48. Ra1 Rb2 49. Ra5 Re2 0-1

[Event "Schach Nienberge 2 - Indische Dame Müns"]
[Site "Verbandsklasse 2015/2016"]
[Date "2015.11.28"]
[Round "3.5"]
[White "Dittberner, Markus"]
[Black "Scharlow, Siegmar"]
[Result "1/2-1/2"]
[WhiteElo "1682"]
[BlackElo "1741"]
[PlyCount "81"]
[EventDate "2015.??.??"]
[SourceDate "2015.10.31"]

1. e4 c5 2. Nf3 Nc6 3. d4 cxd4 4. Nxd4 g6 5. Be3 Bg7 6. Nc3 Nf6 7. Qd2 Ng4 8.
Nxc6 bxc6 9. Bd4 Bxd4 10. Qxd4 O-O 11. h3 Nf6 12. e5 Nd5 13. Nxd5 cxd5 14. Be2
e6 15. O-O d6 16. exd6 Qxd6 17. c4 Ba6 18. Rfd1 Qc7 19. Rac1 Rac8 20. b3 dxc4
21. Qd6 Qxd6 22. Rxd6 cxb3 23. Rxc8 Bxc8 24. axb3 Bb7 25. b4 Rb8 26. b5 Kf8 27.
Rd7 Ke8 28. Rc7 Kf8 29. f3 Kg7 30. Kf2 Kf6 31. f4 h6 32. h4 Kg7 33. g3 Kf6 34.
Ke3 h5 35. Kf2 Kg7 36. Ke3 Kf8 37. Kf2 Kg7 38. Ke3 Kf8 39. Kf2 Ke8 40. Ke3 Kf8
41. Kf2 1/2-1/2

[Event "Schach Nienberge 2 - Indische Dame Müns"]
[Site "Verbandsklasse 2015/2016"]
[Date "2015.11.28"]
[Round "3.6"]
[White "Hagemann, Lars"]
[Black "Overesch, Dieter"]
[Result "0-1"]
[WhiteElo "1690"]
[BlackElo "1690"]
[PlyCount "66"]
[EventDate "2015.??.??"]
[SourceDate "2015.10.31"]

1. e4 d6 2. d4 Nf6 3. Nc3 e5 4. Nf3 Nbd7 5. Bc4 Be7 6. Bb3 O-O 7. O-O c6 8. h3
h6 9. dxe5 dxe5 10. Qe2 Qc7 11. a4 Nc5 12. Bc4 a5 13. Nh4 Ne6 14. Nf5 Nd4 15.
Nxh6+ gxh6 16. Qd2 Nh7 17. Qxh6 Qd6 18. Qh5 Kg7 19. f4 Qg6 20. Qxe5+ Bf6 21. f5
Bxe5 22. fxg6 fxg6 23. Rxf8 Nxf8 24. Bg5 Nfe6 25. Be7 Nf4 26. Rf1 Be6 27. Bd3
Re8 28. Bg5 Rf8 29. Be7 Rf7 30. Bg5 c5 31. Bd8 c4 32. Bxa5 cxd3 33. cxd3 Nfe2+
0-1

[Event "Schach Nienberge 2 - Indische Dame Müns"]
[Site "Verbandsklasse 2015/2016"]
[Date "2015.11.28"]
[Round "3.7"]
[White "Knierim, Gerd"]
[Black "Homann, Ludger"]
[Result "1/2-1/2"]
[WhiteElo "1692"]
[BlackElo "1472"]
[PlyCount "35"]
[EventDate "2015.??.??"]
[SourceDate "2015.10.31"]

1. e4 d6 2. d4 Nf6 3. Nc3 g6 4. Be3 Bg7 5. f3 O-O 6. Qd2 Nc6 7. h4 e5 8. d5 Ne7
9. Bh6 Nh5 10. g4 Ng3 11. Bxg7 Kxg7 12. Rh2 Nxf1 13. Kxf1 h6 14. Nh3 c6 15. h5
Ng8 16. g5 Bxh3+ 17. Rxh3 Qxg5 18. Qh2 1/2-1/2

[Event "Schach Nienberge 2 - Indische Dame Müns"]
[Site "Verbandsklasse 2015/2016"]
[Date "2015.11.28"]
[Round "3.8"]
[White "Harms, Heiko"]
[Black "Dörr, Wolf-Rüdiger"]
[Result "1-0"]
[WhiteElo "1419"]
[BlackElo "1353"]
[PlyCount "63"]
[EventDate "2015.??.??"]
[SourceDate "2015.10.31"]

1. e4 e6 2. Nc3 d5 3. exd5 exd5 4. d4 Nf6 5. Nf3 h6 6. Bd3 Bd6 7. Be3 Be6 8.
Qd2 c6 9. Bf4 Qc7 10. Bxd6 Qxd6 11. h3 Nbd7 12. Nh4 O-O-O 13. O-O-O Nb6 14. g4
g5 15. Nf5 Bxf5 16. Bxf5+ Kc7 17. Bd3 Rde8 18. f3 Re7 19. h4 Nh7 20. Bxh7 Rxh7
21. hxg5 Nc4 22. Qh2 Qxh2 23. Rxh2 Re6 24. Rdh1 h5 25. b3 Nd6 26. Rxh5 Rg7 27.
f4 f5 28. Rh6 Ree7 29. gxf5 Nxf5 30. Rf6 Nxd4 31. Rhh6 Kb6 32. Nxd5+ 1-0